| 000 | 01152cam a2200277 a 4500 | ||
|---|---|---|---|
| 001 | 11815477 | ||
| 005 | 20000821101538.0 | ||
| 008 | 991020s2000 nyu b 001 0 eng | ||
| 020 | _a0393321789 | ||
| 020 | _a0393049167 | ||
| 040 |
_aDLC _cDLC _dDLC |
||
| 082 | 0 | 0 |
_a821.008 _222 _bMAK |
| 245 | 0 | 4 |
_aThe Making of a Poem : _ba Norton Anthology of Poetic Forms / _cedited by Mark Strand and Eavan Boland. |
| 260 |
_aNew York : _bNorton, _c2000. |
||
| 300 |
_axxxi, 366 p. ; _c24 cm. |
||
| 504 | _aIncludes bibliographical references (p. 335) and index. | ||
| 650 | 0 |
_aEnglish poetry. _930774 |
|
| 650 | 0 |
_aAmerican poetry. _930775 |
|
| 650 | 0 |
_aLiterary form. _930776 |
|
| 653 |
_bENG _cJuly2012 |
||
| 700 | 1 |
_aStrand, Mark, _d1934- _930777 |
|
| 700 | 1 |
_aBoland, Eavan. _930778 |
|
| 942 |
_2ddc _cBB |
||
| 999 |
_c16915 _d16915 |
||